| 000 | 00596nam a22002177a 4500 | ||
|---|---|---|---|
| 005 | 20140709125732.0 | ||
| 008 | 140709b xxu||||| |||| 00| 0 eng d | ||
| 020 |
_a9780571219063 _c686 |
||
| 040 | _aLoreto College | ||
| 041 | _aEnglish | ||
| 082 |
_a882 _bBUR |
||
| 100 | _aBurgess,John | ||
| 245 |
_aGreek and Roman drama _cJohn Burgess |
||
| 260 |
_aLondon _bFaber and Faber _c2005 |
||
| 300 |
_axxix,384p _b20 cm |
||
| 440 | _aThe Faber Pocket Guide | ||
| 650 |
_aDrama _xHistory and criticism _zGreek |
||
| 650 |
_aDrama _xHistory and criticism _zRoman |
||
| 850 | _aLCLIB | ||
| 942 | _cBK | ||
| 999 |
_c39362 _d89841 |
||